000 00808nam a2200265Ia 4500
003 OSt
005 20220930084246.0
006 a|||||r|||| 00| 0
007 ta
008 220926b |||||||| |||| 00| 0 hin d
024 _a83676
037 _cTheses
040 _aCRL
_cCRL
_bhin
041 _2hin
_ahin
100 _aUpadhyaya Sanghya
_9537253
110 _aUniversity of Delhi. Faculty of Arts. Department of Hindi
245 0 _aHari Shankar Parsai ki kahaniyon mein jantanttra ka swarup
260 _c2004
300 _a237p.
_ap.
_ccm.
650 _aHINDI LITERATURE
_923866
700 _a Dr. Krishan Dutt Sharma Gu.
700 _aUniversity of Delhi. Faculty of Arts. Department of Hindi
942 _cDIS
_2CC
999 _c876909
_d876909